Northernmost Countries - Sudden Death - Statistics

General Stats
  • This quiz has been taken 189 times
  • The average score is 9 of 20
Answers on the Grid
Answers color-coded by a green-red scale on the quiz's grid according to % correct below.
Afghanistan
Austria
Belarus
Bhutan
Canada
China
Czech Republic
Denmark
Estonia
Finland
France
Georgia
Germany
Hungary
Iceland
India
Ireland
Japan
Kazakhstan
Kyrgyzstan
Latvia
Lithuania
Luxembourg
Mongolia
Nepal
Netherlands
North Korea
Norway
Poland
Romania
Russia
Slovakia
Sweden
Switzerland
Tajikistan
Ukraine
United Kingdom
United States
Uzbekistan
Vietnam
 
Answer Stats
Answer % Correct
Canada
88%
Finland
80%
Iceland
76%
Estonia
65%
Denmark
63%
Russia
60%
Sweden
59%
Norway
55%
Belarus
43%
Latvia
43%
United Kingdom
41%
United States
41%
Lithuania
37%
Ireland
36%
Poland
29%
Germany
26%
China
24%
Kazakhstan
23%
Netherlands
19%
Ukraine
9%
No matching quizzes found
Score Distribution
Percent of People with Each Score
Percentile by Number Answered
Your Score History
You have not taken this quiz